000 00457nam a2200169Ia 4500
003 IN-BaIIA
008 211028s9999 xx 000 0 eng d
020 _a12-257950-X
040 _cIIA Library
080 _a521.1
_bFIT
100 _aFitzpatrick, Philip M
_97143
245 0 _aPrinciples of celestial mechanics
_cPhilip M. Fitzpatrick
260 _aNew York
_bAcademic Press
_c1970
300 _axvii, 405p.
650 _aCelestial mechanics
942 _cBK
999 _c4048
_d4048